京津冀拓扑地图Topo-Map of Beijing-Tianjin-Hebei - Statistics

General Stats
  • This quiz has been taken 94 times
  • The average score is 11 of 13
Answers on the Map
Answers color-coded by a green-red scale on the quiz's map according to % correct below.
 
Answer Stats
Answer % Correct
Beijingshi北京市
92%
Qinhuangdaoshi秦皇岛市
91%
Tianjinshi天津市
91%
Zhangjiakoushi张家口市
91%
Langfangshi廊坊市
90%
Chengdeshi承德市
84%
Tangshanshi唐山市
84%
Handanshi邯郸市
83%
Baodingshi保定市
81%
Shijiazhuangshi石家庄市
81%
Hengshuishi衡水市
79%
Cangzhoushi沧州市
77%
Xingtaishi邢台市
75%
No matching quizzes found
Score Distribution
Percent of People with Each Score
Percentile by Number Answered
Your Score History
You have not taken this quiz